LEADER 01068nlm 2200277Ia 450 001 996379347003316 005 20210105113116.0 010 $a9780080467542 100 $a20070214d2007---- uy 0 101 0 $aeng 102 $aGB 135 $adrcnu 200 1 $aTransport science and technology$fedited by Konstadinos G. Goulias 210 1 $aBingley$cEmerald$d2007 215 $aTesto elettronico (PDF) (XI, 596 p.) 230 $aBase dati testuale 330 $aIl libro offre un campione rappresentativo dei migliori documenti presentati al congresso di scienza e tecnologia dei trasporti (TRANSTEC) di Atene 2004. Lo scopo del libro è dimostrare come le scoperte scientifiche e tecnologiche vadano usate per risolvere importanti problemi di trasporto di passeggeri e merci. 606 0 $aTrasporti$xAtti di congressi$2BNCF 676 $a380.5 702 1$aGOULIAS,$bKonstadinos G. 801 0$bcba$aIT$bcba$gREICAT 912 $a996379347003316 959 $aEB 969 $aER 996 $aTransport science and technology$91763468 997 $aUNISA